Flags That Look The Same - Statistics

General Stats
  • This quiz has been taken 64 times
  • The average score is 14 of 16
Answer Stats
Picture Answer % Correct
Ireland
98%
Australia
96%
New zealand
96%
Netherlands
95%
Indonesia
93%
Ivory Coast
93%
Luxembourg
93%
Qatar
93%
Slovakia
93%
Monaco
91%
Romania
91%
Slovenia
91%
Chad
89%
Bahrain
86%
Mali
77%
Guinea
71%
No matching quizzes found
Score Distribution
Percent of People with Each Score
Percentile by Number Answered
Your Score History
You have not taken this quiz